000 00504nam a2200181 4500
001 3546
005 20230411085955.0
008 060907n1994 dr spa
020 _a1556238118
035 _9funglode3563
041 _aEN
100 _aHain, Peter
245 1 _aMastering the public opinion challenge /
_cSherry Devereaux Ferguson
260 _aNew York :
_bIrwin professional publishing,
_c1994
300 _axix, 367 p.
504 _aIncluye Bibliografía
942 _2lcc
_cbk
999 _c110281
_d110281